| 000 | 00717nam a2200217 i 4500 | ||
|---|---|---|---|
| 001 | 99066 | ||
| 003 | ES-MaACL | ||
| 005 | 20250728095305.0 | ||
| 007 | t| | ||
| 008 | 051117s1963 pr ||||1| spa d | ||
| 080 | _a329.12(729.5)"18" | ||
| 100 | 1 |
_aGautier Dapena, José A. _956058 |
|
| 245 | 1 | 0 |
_aTrayectoria del pensamiento liberal puertorriqueño en el siglo XIX / _cJosé A. Gautier Dapena. |
| 250 | _a1ª ed. | ||
| 260 |
_aSan Juan de Puerto Rico : _bInstituto de Cultura Puertorriqueña, _c1963. |
||
| 300 |
_a150 p. ; _c21 cm. |
||
| 650 | 1 | 4 |
_aLiberalismo- _zPuerto Rico _914395 |
| 710 | 2 |
_aInstituto de Cultura Puertorriqueña. _94858 |
|
| 852 |
_aES-MaACL _jE-11050 _bR.136723 |
||
| 999 |
_c99066 _d99066 |
||